000 00648nam a22002057a 4500
999 _c191944
_d191944
005 20220907155601.0
008 220907b ||||| |||| 00| 0 eng d
010 _aB-745469
020 _a9789390261253
_c295-00
035 _aB-745469
037 _bWalnut publication
100 _aKarkra, B.K.
245 _aTHE STORY OF GOD/
_cB.K.Karkra
250 _aFirst
260 _aBhubaneswar
_bWalnut Publisher
_c2020
270 _a722,Esplanade One,Rasulgarh
_bBhubaneswar
_e751010
300 _aVIII,235
942 _2ddc
_cEN
_h230.31
_mKAR